Aplikácia nových trendov v zaistení
V zaistení sa používa množstvo rôznych mechanizmov pre prijatie a prenos rizika. V čoraz väčšej miere sa využívajú tzv. alternatívne formy prenosu rizika v dôsledku nových druhov rizík, pretože tradičné metódy prenosu rizík sa postupne stávajú minulosťou. Dochádza k rastu koncentrácie zaistného a k...
Gespeichert in:
| 1. Verfasser: | |
|---|---|
| Format: | Buchkapitel |
| Sprache: | Slowakisch |
| Schlagworte: | |
| Tags: |
Keine Tags, Fügen Sie das erste Tag hinzu!
|
MARC
| LEADER | 00000nla$a2200000$$$4500 | ||
|---|---|---|---|
| 001 | 0084842 | ||
| 005 | 20240711081446.5 | ||
| 041 | 0 | |a slo | |
| 044 | |a CZ | ||
| 245 | 1 | 0 | |a Aplikácia nových trendov v zaistení |c Stanislava Veselovská |
| 520 | |a V zaistení sa používa množstvo rôznych mechanizmov pre prijatie a prenos rizika. V čoraz väčšej miere sa využívajú tzv. alternatívne formy prenosu rizika v dôsledku nových druhov rizík, pretože tradičné metódy prenosu rizík sa postupne stávajú minulosťou. Dochádza k rastu koncentrácie zaistného a k zmene produktovej štruktúry zaistného trhu. | ||
| 610 | 2 | 0 | |a poistenie |
| 610 | 2 | 0 | |a zaistenie |
| 610 | 2 | 0 | |a trh poistný |
| 610 | 2 | 0 | |a riziko |
| 610 | 2 | 0 | |a ochrana poistná |
| 100 | 1 | |a Veselovská, Stanislava, 1957- | |